Vainqueurs de l'Europa League depuis 1972 - Statistiques

Statistiques générales
  • Ce quiz a été pris 393 fois
    156 depuis la dernière actualisation
  • Le résultat moyen est 33 sur 54
Statistiques - réponses
Hint Réponse % Correct
2006 Séville FC
97%
2007 Séville FC
97%
2014 Séville FC
97%
2015 Séville FC
97%
2016 Séville FC
97%
2020 Séville FC
97%
1985 Real Madrid
90%
1986 Real Madrid
90%
1972 Tottenham
89%
1984 Tottenham
89%
2025 Tottenham
89%
2013 Chelsea
88%
2019 Chelsea
88%
2017 Manchester United
83%
2010 Atletico Madrid
82%
2012 Atletico Madrid
82%
2018 Atletico Madrid
82%
1991 Inter Milan
80%
1994 Inter Milan
80%
1998 Inter Milan
80%
1977 Juventus
74%
1990 Juventus
74%
1993 Juventus
74%
1988 Bayer Leverkusen
72%
2003 Porto
70%
2011 Porto
70%
2024 Atalanta Bergame
69%
1973 Liverpool
64%
1976 Liverpool
64%
2001 Liverpool
64%
1992 Ajax
60%
1980 Eintracht Francfort
58%
2022 Eintracht Francfort
58%
2004 Valence
54%
1996 Bayern Munich
53%
2021 Villareal
53%
1978 PSV Eindhoven
52%
1974 Feyenoord
47%
2002 Feyenoord
47%
1989 SSC Naples
46%
2005 CSKA Moscou
42%
2008 Zenit
40%
2000 Galatasaray
39%
1983 Anderlecht
34%
1995 Parme
25%
1999 Parme
25%
1997 Schalke 04
21%
2009 Shaktar Donetsk
21%
1975 Borussia Monchengladbach
18%
1979 Borussia Monchengladbach
18%
1982 Goteborg
14%
1987 Goteborg
14%
1981 Ipswich Town
13%
2023 Séville FC
3%
Aucun quiz correspondant
Distribution des résultats
% des personnes avec chaque résultat
Percentile par nombre de réponses
Votre historique - résultats
Vous n’avez pas pris ce quiz depuis la dernière actualisation